000 01386nam a2200265Ia 4500
003 OSt
005 20221215151249.0
008 210310s1973 sp fr 000 0 spa d
020 _a8403181884
040 _aCO-JMCR
_cCO-JMCR
041 1 _aspa
_heng
082 0 4 _a338.98 /
_bK978c
_223
100 1 _aKuznets, Simon,
_918710
_eautor
245 1 0 _aCrecimiento económico moderno /
_cSimon Kuznets ; traducción del inglés por Rafael de los Ríos Romero
250 _aPrimera edición
260 _aMadrid :
_bAguilar,
_c1973
300 _axix, 533 páginas ;
_c21 cm
490 0 _aBiblioteca de Ciencias Sociales. Sección 1º: Economía ;
_vv.7
500 _aIncluye índice de materias
504 _aBibliografía: páginas 511-519
505 0 _aEstructura general de la obra -- Crecimiento de población y de producto -- Tendencias registradas en la estructura industrial -- Distribución del producto y de la renta -- Tendencias registradas en los modelos de utilización del producto -- Tendencias de la interdependencia internacional -- Diferencias de renta internacional: países desarrollados y subdesarrollados -- Estructura económica y social de los países subdesarrollados -- La propagación del crecimiento económico moderno -- Posdata
650 1 _aDesarrollo económico
_918712
700 1 _aRíos Romero, Rafael de los,
_etraductor
_942492
942 _2ddc
_cBK
999 _c8938
_d8938